000 00291nam a22001337a 4500
008 181003b xxu||||| |||| 00| 0 eng d
020 _a9781581732825
041 _aeng
080 _a612.39
100 _a10
101 _aNUT
245 _a501 low-carb recipes
_cClark,P
942 _2udc
_cBK
999 _c48826
_d48826